| 000 | 01166nam a22002057a 4500 | ||
|---|---|---|---|
| 003 | JO-AjAnu | ||
| 005 | 20240708092315.0 | ||
| 008 | 240708b jo ||||| |||| 00| 0 ara d | ||
| 040 |
_aJO-AjAnu _bara _cJO-AjAnu _erda |
||
| 041 |
_aara _hara |
||
| 050 |
_aHD37 _b2024 |
||
| 100 | 1 |
_aالرشايدة، الشريف حسان يوسف _eمعد _966047 |
|
| 245 | 0 |
_aاثر نظم المعلومات الجغرافية في جودة القرارات الادارية في بلديات اقليم الشمال = The Impact of Geographical Information System(GIS) in the Quality of Administrative Decisions at North Region Municipalities / _cاعداد الشريف حسان يوسف الرشايدة؛ اشراف بلال احمد مثاني |
|
| 260 | _c2024 | ||
| 300 | _a103 ورقة | ||
| 500 | _aرسالة جامعية ( رسالة ماجستير في تخصص ادارة الاعمال) جامعة عجلون الوطنية (عجلون، الاردن)، كلية الاعمال، 2024. | ||
| 650 | 7 | 0 |
_aادارة الاعمال - القرارات الادارية _966050 |
| 700 | 1 |
_aالمثاني، بلال احمد _965043 _eمشرف |
|
| 942 |
_2lcc _cTHS _n0 |
||
| 999 |
_c33576 _d33576 |
||